| 000 | 00599nam a2200217 u 4500 | ||
|---|---|---|---|
| 005 | 20240924070324.0 | ||
| 008 | 090929s2005 r 000 0 eng d | ||
| 020 | _a9688595438 | ||
| 035 | _aUPN01000172726 | ||
| 049 | _aCG | ||
| 050 | 4 |
_aGN330 _bP3.3e 2005 |
|
| 100 | 1 |
_aPalerm, Angel, _d1917-1980 |
|
| 245 | 1 | 0 |
_aHistoria de la etnología : _blos evolucionistas / _cAngel Palerm. |
| 250 | _a3a ed. | ||
| 260 |
_aMéxico : _aUnivesidad Iberoamericana, _c2005. |
||
| 300 | _a225 p. | ||
| 440 | 0 | _aTeoría social | |
| 650 | 2 |
_aEtnología _94794 |
|
| 650 | 2 |
_aEvolución _94472 |
|
| 905 | _aLibro | ||
| 999 |
_c144830 _d144830 |
||